AHL Teams - Statistics

General Stats
  • This quiz has been taken 195 times
    167 since last reset
  • The average score is 22 of 31
Answer Stats
NHL Team AHL Team % Correct
Boston Bruins Providence Bruins
93%
Detroit Red Wings Grand Rapids Griffins
86%
Buffalo Sabres Rochester Americans
86%
Dallas Stars Texas Stars
86%
Arizona Coyotes Tucson Roadrunners
86%
Pittsburgh Penguins Wilkes-Barre/Scranton Penguins
86%
Minnesota Wild Iowa Wild
79%
Montreal Canadiens Laval Rocket
79%
Los Angeles Kings Ontario Reign
79%
Anaheim Ducks San Diego Gulls
79%
San Jose Sharks San Jose Barracuda
79%
Toronto Maple Leafs Toronto Marlies
79%
Edmonton Oilers Bakersfield Condors
71%
Carolina Hurricanes Charlotte Checkers
71%
St. Louis Blues Chicago Wolves
71%
Vegas Golden Knights Chicago Wolves
71%
Winnipeg Jets Manitoba Moose
71%
Nashville Predators Milwaukee Admirals
71%
Chicago Blackhawks Rockford IceHogs
71%
Colorado Avalanche San Antonio Rampage
71%
Ottawa Senators Belleville Senators
64%
New Jersey Devils Binghamton Devils
64%
Washington Capitals Hershey Bears
64%
Philadelphia Flyers Lehigh Valley Phantoms
64%
Calgary Flames Stockton Heat
64%
Tampa Bay Lightning Syracuse Crunch
64%
Vancouver Canucks Utica Comets
64%
New York Islanders Bridgeport Sound Tigers
57%
Columbus Blue Jackets Cleveland Monsters
57%
New York Rangers Hartford Wolf Pack
57%
Florida Panthers Springfield Thunderbirds
57%
No matching quizzes found
Score Distribution
Percent of People with Each Score
Percentile by Number Answered
Your Score History
You have not taken this quiz since the last reset